| 000 | 01324nam a2200337 a 4500 | ||
|---|---|---|---|
| 001 | ebr5004051 | ||
| 003 | CaPaEBR | ||
| 006 | m u | ||
| 007 | cr cn||||||||| | ||
| 008 | 010723s2001 enk sb 001 0 eng | ||
| 015 | _aGBA1-41703 | ||
| 016 | 7 |
_a1853029564 _2Uk |
|
| 020 | _z9781846422782 | ||
| 020 | _z1853029564(pbk.) | ||
| 040 |
_aCaPaEBR _cCaPaEBR |
||
| 035 | _a(OCoLC)559613769 | ||
| 050 | 1 | 4 |
_aLC4719.G7 _bP68 2001eb |
| 082 | 0 | 4 |
_a371.94 _221 |
| 100 | 1 |
_aPotter, Carol, _d1961- |
|
| 245 | 1 | 0 |
_aEnabling communication in children with autism _h[electronic resource] / _cCarol Potter and Chris Whittaker. |
| 260 |
_aLondon : _bJessica Kingsley, _c2001. |
||
| 300 | _a207 p. | ||
| 504 | _aIncludes bibliographical references and indexes. | ||
| 533 |
_aElectronic reproduction. _bPalo Alto, Calif. : _cebrary, _d2013. _nAvailable via World Wide Web. _nAccess may be limited to ebrary affiliated libraries. |
||
| 650 | 0 |
_aAutistic children _xEducation _zGreat Britain _vCase studies. |
|
| 650 | 0 |
_aCommunication _xStudy and teaching _zGreat Britain _vCase studies. |
|
| 655 | 7 |
_aElectronic books. _2local |
|
| 700 | 1 |
_aWhittaker, Chris, _d1946- |
|
| 710 | 2 | _aebrary, Inc. | |
| 856 | 4 | 0 |
_uhttp://site.ebrary.com/lib/rucke/Doc?id=5004051 _zAn electronic book accessible through the World Wide Web; click to view |
| 999 |
_c293 _d293 |
||